Vista normal
Vista MARC
Entrada Materia (personas)
Número de registros utilizados en: 6
001 - CONTROL NUMBER
- control field: 38994
003 - CONTROL NUMBER IDENTIFIER
- control field: Co-BoUCM
005 - DATE AND TIME OF LATEST TRANSACTION
- control field: 20130611150956.0
008 - FIXED-LENGTH DATA ELEMENTS
- fixed length control field: 130611|| aca||aabn | a|a d
040 ## - CATALOGING SOURCE
- Original cataloging agency: Co-BoUCM
- Transcribing agency: Co-BoUCM
100 ## - HEADING--PERSONAL NAME
- Personal name: Girard, Paul Frédéric
- Dates associated with a name: 1852-1926
670 ## - SOURCE DATA FOUND
- Source citation: Work cat.: (Co-BoUCM): Girard, Paul Frédéric 1852-1926 , Textes de Droit Romain, 1890